| 000 | 00604nam a2200193 i 4500 | ||
|---|---|---|---|
| 001 | 95946 | ||
| 003 | ES-MaACL | ||
| 005 | 20230906181816.0 | ||
| 007 | t| | ||
| 008 | 050608s1965 sp ||||1| spa d | ||
| 100 | 1 |
_aMackay, Ian R. _975246 |
|
| 245 | 1 | 0 |
_aEnfermedades por autoinmunidad / _cIan R. Mackay, Macfarlane Burnet; [traducción Juan García San Miguel]. |
| 250 | _a[1ª ed.]. | ||
| 260 |
_aBarcelona : _bNoguer, _c1965. |
||
| 300 |
_a273 p. : _bil. ; _c22 cm. |
||
| 700 | 1 |
_aBurnet, Macfarlane. _932733 |
|
| 700 | 1 |
_aGarcía San Miguel, Juan. _955253 |
|
| 852 |
_aES-MaACL _jC-27393 _bR.56440 |
||
| 999 |
_c95946 _d95946 |
||